000 00428nam a22001577a 4500
020 _a9789692208611
082 _a297.4
_bAZE
100 _aAzeemi, Khawaja Shams Ul Deen
245 _aZindagi Aur Mout
260 _aKarachi :
_bAzeemi University Press,
_c2022.
300 _a174 p. ;
_c22 cm.
563 _aHBK.
650 _aIslam-Essaya
_9113816
880 _6245-02\r
_aذندگی اور موت
942 _2ddc
_cBK
999 _c595039
_d595039